| 000 | 00384nam a22001457a 4500 | ||
|---|---|---|---|
| 005 | 20241202131533.0 | ||
| 008 | 241202b |||||||| |||| 00| 0 eng d | ||
| 020 | _a0070180113 | ||
| 050 | _aP 90 RUB | ||
| 100 | _aRUBINSTEIN F. GEOFFREY | ||
| 245 |
_aMEDIA WAVES _bAN INTRODUCTION TO MASS COMMUNICATION |
||
| 260 |
_aBOSTON _bMCGRAW HILL _cc1998 |
||
| 500 | _a214p | ||
| 942 |
_2lcc _cBK _n0 |
||
| 999 |
_c1892 _d1892 |
||